000 00241nam a22001217a 4500
040 _cSY
082 _a330 OEC 2000 C093
100 _aOECD
245 _aValuing Rural Amenities
260 _aUSA
_bOCED
_c2000
300 _a180p
942 _cEK
999 _c11223
_d11223